Vocabulary - A - Statistics

General Stats
  • This quiz has been taken 32 times
  • The average score is 9 of 15
Answer Stats
Hint Answer % Correct
referring to something/someone for the first time A
100%
red fruit Apple
100%
capable of doing Able
93%
eating disorder Anorexia
86%
25th state Arkansas
86%
relating to an atom/atoms Atomic
83%
pH lower than 7 Acidic
72%
single, nothing else besides the thing/person itself Alone
72%
height of an object/point in relation to sea/ground level Altitude
59%
ring shaped reef/island Atoll
59%
pH greater than 7 Alkaline
45%
feel hatred/disgust to Abhor
38%
opposition to the disestablishment of the Church of England (first 8 letters) Antidisestablishmentarianism
21%
something that can get ruined (relating to food) Appetite
14%
unpleasant, harsh Abrasive
7%
No matching quizzes found
Score Distribution
Percent of People with Each Score
Percentile by Number Answered
Your Score History
You have not taken this quiz